MARC

LEADER 00000nam0a2200000 4500
001 191664
005 20231031180758.0
010 |a 5286007708 
020 |a RU  |b 91-33187 
035 |a (RuTPU)RU\TPU\book\209008 
090 |a 191664 
100 |a 20110209d1991 km y0rusy5003 ca 
101 0 |a rus 
102 |a RU 
105 |a a z 001zy 
200 1 |a Горные ледниковые системы, их структура и эволюция  |f Г. Е. Глазырин  |g Среднеазиатский региональный научно-исследовательский гидрометеорологический институт и им. В. А. Бугаева 
210 |a Ленинград  |c Гидрометеоиздат  |d 1991 
215 |a 109 с.  |c ил.  |d 22 см 
320 |a Библиогр.: с. 102-108 (137 назв.). 
610 1 |a ледники 
610 1 |a ледниковые системы 
610 1 |a хионосфера 
610 1 |a структура 
610 1 |a интегральные параметры 
610 1 |a эволюция 
610 1 |a климатические условия 
610 1 |a изменение 
610 1 |a оледенение 
675 |a 551.324  |z rus  |v 3 
700 1 |a Глазырин  |b Г. Е.  |g Глеб Евлампиевич  |4 070 
712 0 2 |a Среднеазиатский региональный научно-исследовательский гидрометеорологический институт и им. В. А. Бугаева  |2 stltpush  |3 (RuTPU)RU\TPU\col\17051 
801 0 |a RU  |b RuMRKP  |c 19950417  |g psbo 
801 1 |a RU  |b 63413507  |c 20110209 
801 2 |a RU  |b 63413507  |c 20110218  |g RCR 
942 |c BK